000 00863nam a2200241 i 4500
001 78126
003 ES-MaACL
005 20230906173543.0
007 t|
008 041011s1984 xxk ||||1| eng d
020 _a0-566-03460-3
100 1 _aHarrod, Leonard Montague.
_961947
245 1 0 _aHarrod's librarians' glossary of terms used in librarianship, documentation and the book crafts and reference book /
_cLeonard Montague Harrod.
250 _a5th ed. rev. and upd
_bby Ray Prytherch.
260 _aHampshire :
_bGower,
_c1984.
300 _aXI, 861 p. ;
_c22 cm.
650 0 4 _aBiblioteconomía-
_vDiccionarios.
_910555
650 4 _aEdición-
_vDiccionarios.
_912051
650 0 4 _aArchivística-
_vDiccionarios.
_99950
650 0 4 _aDocumentación-
_vDiccionarios.
_911961
700 1 _aPrytherch, Ray.
_994095
852 _aES-MaACL
_jL-8170
_bR.108628
999 _c78126
_d78126